| 000 | 00700nam a2200205Ia 4500 | ||
|---|---|---|---|
| 005 | 20250508151548.0 | ||
| 008 | 008 250505s9999 xx 000 0 eng d | ||
| 037 | _aTextual | ||
| 040 |
_aFEDL _beng _cFEDL |
||
| 041 |
_aeng _2eng |
||
| 084 |
_a352.0954, RAO _qFEDL |
||
| 100 |
_aRao A. V. Raman _9151797 |
||
| 245 | 0 | _aStructure and working of village panchayats : A survey based on case studies in Bombay and Madras | |
| 260 |
_aPoona, India _bGokhale Institute of Politics and Economics _c1954 |
||
| 300 | _axvi,218p. | ||
| 490 | _aGokhale Institute of politics and economics | ||
| 546 | _aPublication No. 28 | ||
| 942 |
_cTEXL _h352.0954, RAO |
||
| 999 |
_c1330638 _d1330638 |
||